<?xml version="1.0" encoding="UTF-8"?>
<collection xmlns="http://www.loc.gov/MARC21/slim">
 <record>
  <leader>01777nam a2200229Ia 4500</leader>
  <controlfield tag="001">CTU_154729</controlfield>
  <controlfield tag="008">210402s9999    xx            000 0 und d</controlfield>
  <datafield tag="020" ind1=" " ind2=" ">
   <subfield code="c">37000</subfield>
  </datafield>
  <datafield tag="082" ind1=" " ind2=" ">
   <subfield code="a">813.52</subfield>
  </datafield>
  <datafield tag="082" ind1=" " ind2=" ">
   <subfield code="b">L847</subfield>
  </datafield>
  <datafield tag="100" ind1=" " ind2=" ">
   <subfield code="a">London, Jack</subfield>
  </datafield>
  <datafield tag="245" ind1=" " ind2="0">
   <subfield code="a">Nanh trắng</subfield>
  </datafield>
  <datafield tag="245" ind1=" " ind2="0">
   <subfield code="c">Jack London; Bảo Hưng, Trung Dũng (dịch)</subfield>
  </datafield>
  <datafield tag="260" ind1=" " ind2=" ">
   <subfield code="a">Hà Nội</subfield>
  </datafield>
  <datafield tag="260" ind1=" " ind2=" ">
   <subfield code="b">Văn học</subfield>
  </datafield>
  <datafield tag="260" ind1=" " ind2=" ">
   <subfield code="c">2009</subfield>
  </datafield>
  <datafield tag="520" ind1=" " ind2=" ">
   <subfield code="a">Nanh trắng được mở đầu bằng khung cảnh ảm đạm, lạnh giá của thiên nhiên phương Bắc. Tuyết dày, trắng xóa cả một vùng mênh mông đến ngút tầm mắt. Cái khung cảnh ấy càng thêm thê lương khi có sự xuất hiện một đám ma - một đám ma kì lạ bởi chỉ có hai người đưa tiễn cùng với một đàn chó kéo xe. Họ đang cố gắng đưa kẻ xấu số (hay là một kẻ may mắn) nằm trong quan tài kia về nơi an nghỉ vĩnh hằng để tránh bị đàn Sói ăn thịt... Và họ đã gặp một đàn sói, được dẫn dắt bởi Kichie. Kichie vốn là một con Sói đã từng sống với người, nhưng bây giờ, nó đang là một con Sói láu lỉnh và tinh ranh. Chỉ sau vài đêm, đàn chó kéo xe và cả một anh bạn đồng hành trong chuyến đi này đã trở thành mồi cho đồng loại của nó...</subfield>
  </datafield>
  <datafield tag="650" ind1=" " ind2=" ">
   <subfield code="a">Dogs,Wolves,Con chó,American fiction</subfield>
  </datafield>
  <datafield tag="650" ind1=" " ind2=" ">
   <subfield code="x">Juvenile fiction,Fiction,Tiểu thuyết thanh thiếu niên</subfield>
  </datafield>
  <datafield tag="650" ind1=" " ind2=" ">
   <subfield code="y">20th century</subfield>
  </datafield>
  <datafield tag="904" ind1=" " ind2=" ">
   <subfield code="i">Năm</subfield>
  </datafield>
  <datafield tag="980" ind1=" " ind2=" ">
   <subfield code="a">Trung tâm Học liệu Trường Đại học Cần Thơ</subfield>
  </datafield>
 </record>
</collection>
